Kurzlehrbuch Bilanzpolitik Mit Aufgaben und Lösungen

Saved in:
Bibliographic Details
Main Author: Hilke, Wolfgang
Format: Book
Language:German
Published: Wiesbaden Gabler 1985
Edition:2. durchges. und erw. Aufl.
Subjects:
Tags: Add Tag
No Tags, Be the first to tag this record!

MARC

LEADER 00000nam a2200000 4500
001 c000023
005 20221220081920.2
020 |a 3-409-26602-X 
041 0 |a ger 
044 |a DE 
245 1 0 |a Kurzlehrbuch Bilanzpolitik  |b Mit Aufgaben und Lösungen  |c Wolfgang Hilke 
250 |a 2. durchges. und erw. Aufl. 
264 1 |a Wiesbaden  |b Gabler  |c 1985 
300 |a 218 s. 
610 2 0 |a bilancia obchodná 
610 2 0 |a dane 
610 2 0 |a právo obchodné 
610 2 0 |a obchod 
610 2 0 |a právo hospodárske 
610 2 0 |a predpisy právne 
610 2 0 |a podnik 
610 2 0 |a oceňovanie ekonomické 
100 1 |a Hilke, Wolfgang